Quizzes
Events
Quiz Creation
Community
Videos
Private Events
Remove Ads
Sign In
Join for FREE
Feedback
Dark Mode
Quiz Categories
Sports
Geography
Music
Movies
Television
Just For Fun
Miscellaneous
History
Literature
Language
Science
Gaming
Entertainment
Religion
Holiday
For Kids
Quiz Lab
Recent
Popular Today
Quiz Kudos Today
Editor Picks
Curator Picks
Quizzes by...
Day
Popularity
Type
Ratings
Length
Year
Community
Subscriptions
Recent Discussions
Orange Saloon
Badges
Playlists
Quests
Create
Leaderboards
Showdown
Live 5
Trivia Bingo
Activity
Puzzle Library
Sporcle Events
Private Events
Virtual Trivia
Globe League
Become a Host
Pub Owners
SporcleCon
Opinionation
Our Games
Videos
Blog
Mobile Apps
Partnerships
Remove Ads and Go Orange
Feedback
Gaming
Video Games
Board Games
Card Games
Pokémon
Mario
Nintendo
Minecraft
Console
Toys
Legend of Zelda
Gaming
Video Games
Board Games
Card Games
Pokémon
Mario
Nintendo
Minecraft
Console
Toys
Legend of Zelda
Random Quiz
Search Sporcle
×
Quiz Lab
Quiz Lab
Gaming
fire
Type in answers that appear in a list
Type in answers that appear in a list
Classic
Best Score? Go Orange.
Fire Emblem: Radiant Dawn Weapons Stats
Can you name the Fire Emblem: Radiant Dawn Weapons?
By
mflournoy
14m
145 Questions
2,134 Plays
2,134 Plays
2,134 Plays
Comments
Comments
Give Quiz Kudos
Give Quiz Kudos
-
- Ratings
hide this ad
Replay
Link that replays current quiz
Next Quiz
Link to next quiz in quiz playlist
You Got
0%
They Got
Avg Score
80%
Avg Friend Score
Upgrade to see
Score Distribution
Jump to the score distribution portion of the page
Score
0/145
Timer
14:00
0
Plays Today
Type
Weapon
% Correct
Sword
Iron Sword
99.3%
Sword
Steel Sword
98.7%
Sword
Silver Sword
98.2%
Wind
Wind
97.7%
Lance
Iron Lance
96.9%
Sword
Bronze Sword
96.7%
Lance
Steel Lance
96.7%
Lance
Silver Lance
96.1%
Axe
Iron Axe
96.1%
Bow
Iron Bow
96.1%
Bow
Steel Bow
96%
Axe
Steel Axe
95.8%
Thunder
Thunder
95.6%
Fire
Fire
95.5%
Axe
Silver Axe
95.2%
Bow
Silver Bow
95.2%
Sword
Ragnell
95%
Light
Light
94.8%
Lance
Bronze Lance
94.8%
Fire
Elfire
94.7%
Wind
Elwind
94.6%
Thunder
Elthunder
94.6%
Axe
Bronze Axe
94.3%
Bow
Bronze Bow
94.3%
Knife
Iron Knife
93.5%
Knife
Steel Knife
93.2%
Staff
Heal
93.1%
Sword
Alondite
93%
Knife
Silver Knife
92.5%
Sword
Iron Blade
92.5%
Knife
Iron Dagger
92.3%
Sword
Steel Blade
92.2%
Knife
Steel Dagger
92%
Lance
Javelin
91.9%
Sword
Silver Blade
91.8%
Strike
Claw
91.7%
Knife
Silver Dagger
91.6%
Knife
Bronze Knife
91.4%
Knife
Bronze Dagger
91.1%
Staff
Mend
91.1%
Sword
Killing Edge
90.9%
Axe
Hand Axe
90.8%
Light
Ellight
90.5%
Lance
Spear
89.9%
Fire
Meteor
88.3%
Fire
Arcfire
88.1%
Wind
Arcwind
88.1%
Thunder
Arcthunder
88.1%
Lance
Short Spear
88%
Type
Weapon
% Correct
Lance
Killer Lance
87.8%
Strike
Fang
87.6%
Lance
Steel Greatlance
87.5%
Lance
Iron Greatlance
87.3%
Light
Thani
87.3%
Sword
Wind Edge
87.2%
Lance
Silver Greatlance
87.2%
Axe
Killer Axe
86.7%
Axe
Tomahawk
86.2%
Axe
Steel Poleax
85.7%
Axe
Iron Poleax
85.6%
Sword
Brave Sword
85.4%
Strike
Breath
85.3%
Axe
Silver Poleax
85.3%
Strike
Beak
85.2%
Strike
Talon
85%
Wind
Blizzard
84.6%
Thunder
Bolting
84.5%
Staff
Silence
83.9%
Bow
Double Bow
83.8%
Staff
Physic
83.7%
Lance
Brave Lance
83.6%
Bow
Iron Longbow
83.3%
Bow
Steel Longbow
83.3%
Bow
Killer Bow
83.1%
Lance
Wishblade
83%
Bow
Silver Longbow
82.6%
Axe
Short Axe
82.5%
Bow
Crossbow
82.3%
Fire
Rexflame
82.3%
Axe
Brave Axe
82.3%
Staff
Sleep
82%
Thunder
Rexbolt
81.7%
Axe
Urvan
81.6%
Fire
Bolganone
80.7%
Wind
Rexcalibur
79.9%
Light
Shine
79.8%
Axe
Hammer
79.5%
Bow
Brave Bow
79.4%
Sword
Tempest Blade
79.2%
Sword
Storm Sword
79%
Sword
Ettard
78.8%
Axe
Tarvos
78.7%
Bow
Rolf's Bow
78.4%
Thunder
Thoron
78.3%
Staff
Recover
78.1%
Fire
Cymbeline
77.5%
Staff
Restore
77.5%
Sword
Caladbolg
77.2%
Type
Weapon
% Correct
Sword
Vague Katti
77.1%
Sword
Amiti
76.9%
Wind
Tornado
76.7%
Strike
Great Fang
75.7%
Sword
Florete
75.4%
Knife
Kard
74.8%
Light
Rexaura
74.6%
Light
Purge
74.2%
Light
Nosferatu
73.9%
Strike
Great Beak
73.6%
Strike
Great Talon
73.4%
Sword
Wo Dao
72.1%
Knife
Peshkatz
71.6%
Knife
Stiletto
71.5%
Knife
Baselard
71.4%
Knife
Beast Killer
70.8%
Bow
Silencer
70.7%
Dark
Worm
70.5%
Staff
Elsleep
68.8%
Staff
Elsilence
68.5%
Lance
Horseslayer
68.2%
Staff
Ashera Staff
67.4%
Bow
Bowgun
67.2%
Staff
Fortify
66.6%
Staff
Rewarp
65.2%
Staff
Rescue
65%
Light
Valaura
64.4%
Sword
Wyrmslayer
64.3%
Sword
Venin Edge
62.3%
Axe
Venin Axe
62.1%
Bow
Lughnasadh
61.9%
Lance
Venin Lance
60.9%
Dark
Balberith
60.2%
Sword
Slim Sword
59.7%
Light
Creiddylad
59.5%
Light
Judge
59.1%
Staff
Unlock
57.8%
Bow
Aqqar
57.1%
Dark
Fenrir
56.3%
Bow
Arbalest
55.3%
Staff
Matrona
55.2%
Staff
Torch
53.2%
Staff
Hammerne
53.1%
Staff
Ward
52.2%
Dark
Carreau
51.8%
Dark
Verrine
49.5%
Bow
Taksh
47.9%
Quiz Playlist
Details
Report
Send in Message
Add To Playlist
Classic:
Type in answers that appear in a list
Quiz Source
Last Updated: Feb 16, 2017
Quiz Scoreboard
CHALLENGE
Sign Up to Join the Scoreboard
Show All
Scores
Hide
Comments
May contain spoilers
Recently Published
TV Characters by Other Roles V
by ghcgh
Television
5m
Decade Duel: World Leaders
by jenniferyan
History
4m
Alphabetical 'K' Countries by Flag Minefield
by ylime102
Geography
3m
More to Explore
Quiz From the Vault
Featured Blog Post
15 Basketball Trivia Facts You Can Be March Mad About
hide this ad
You Might Also Like...
Tags
Dawn
emblem
fire
Fire Emblem
Radiant
Radiant Dawn
Weapons
Today's Top Quizzes in Gaming
Browse Gaming
hide this ad
Today's Top Quizzes in fire
Browse fire
Top Contributed Quizzes in Gaming
1
Pokémon Gen IV Logic Puzzle (HARD)
2
Rainbow Six Siege Operators by Picture
3
Genshin Impact Logic Puzzle
4
HARD Pokemon Logic Puzzle
5
Magic: the Gathering Set Symbols - LCI
6
The Slinky Quiz
7
Mega Man or Metal Gear
8
Persona 4 & 5 Social Link / Confidant Minefield
9
Honkai: Star Rail Technique Names Quiz
10
Order Genshin Impact characters by release date!
Explore More
Trending Topics
Crossword
Kpop
Harry Potter
Anime
Marvel
Disney
NBA
Soccer
Puzzle
Pokémon
WWE
Country
NFL
Song
The Office
hide this ad
More By:
mflournoy
Quiz
Plays
Rating
Category
Featured
Created
Olympic Track and Field Events
76,417
4.20
Sports
Nov 30, 2009
Fire Emblem: Radiant Dawn Characters
6,475
4.71
Gaming
Sep 22, 2009
2000s Atlanta Braves All-Stars
4,075
4.25
Sports
Sep 23, 2009
1990s Atlanta Braves Opening Day Lineups
3,874
4.39
Sports
Oct 1, 2009
Jurassic Park
2,739
4.60
Literature
Oct 6, 2009
Go to Creator's Profile
Score Distribution
Quiz Creator Spotlight
mflournoy
Follow
Send a Message
Quizzes Created
-
Created Quiz Play Count
-
More By This Creator
Popular Quizzes Today
1
Countries of Asia Without Outlines Minefield
2
Find the US States - No Outlines Minefield
3
Pick 6: Fruits
4
The Countries of the World
5
Find the Countries of Europe - No Outlines Minefield
6
Alphabetical 'K' Countries by Flag Minefield
7
Find the US States
8
US States
More Gaming Quizzes
Injustice 2- Playable In Story Mode
Curator's Pick
Trending Quizzes
Pick 6: Mountains
Pick 6: Harry Potter
Pick 6: NFL Teams
Pick 6: Flags
C Names for Actors
Recently Updated
Adaptations: Name the Title
pecheneg
NWSL Teams
pecheneg
Women's Final Four Teams by Year
bhenderson79
Presidents Quartet II
eogle
Anything But Clue(do)
eogle
Anything But Oceanian Capitals
eogle
Anything But 7
eogle
Anything But Thing
eogle
Word Ladder: February 29
pecheneg
Song Title Questions
pecheneg
Trending Topics
Kpop
Disney
Harry Potter
NBA
Crossword
Marvel
Anime
WWE
NFL
Soccer
Country
Song
Pokémon
Puzzle
The Office
Your Account Isn't Verified!
In order to create a playlist on Sporcle, you need to verify the email address you used during registration. Go to your
Sporcle Settings
to finish the process.
Report this User
Report this user for behavior that violates our
Community Guidelines
.
Details:
Send Report
Go to the Sporcle.com Mobile Site →
Comments